| 000 | 00379nam a2200157Ia 4500 | ||
|---|---|---|---|
| 008 | 230312s9999||||xx |||||||||||||| ||und|| | ||
| 020 | _a81-371-2515-3 | ||
| 082 |
_a658 _bHIT-M |
||
| 100 | _aHitt,Michael.A | ||
| 245 | 0 | _aManagement | |
| 260 |
_bPearsons _aIndia _c2010 |
||
| 300 | _a532 | ||
| 546 | _aEng. | ||
| 650 |
_aManagement _vManaging Ethically and Globally |
||
| 942 | _cBK | ||
| 999 |
_c8238 _d8238 |
||